000 00293nam a22001337a 4500
008 171122b xxu||||| |||| 00| 0 eng d
020 _a9780470831649
041 _aeng
080 _a336
100 _a52
101 _aMEN
245 _aINTERMEDIATE ACCOUTING
_cIRENE.M.W
942 _2udc
_cBK
999 _c38298
_d38298